[Event "Tseshkovsky Mem 2014"]
[Site "Sochi RUS"]
[Date "2014.09.20"]
[Round "4.26"]
[White "Yandarbiev, Ruslan"]
[Black "Mednikov, Gennadiy"]
[Result "1-0"]
[WhiteTitle "IM"]
[WhiteElo "2355"]
[BlackElo "2117"]
[WhiteFideId "4115023"]
[BlackFideId "4150775"]
[EventDate "2014.09.17"]

1. d4 d5 2. c4 e5 3. dxe5 d4 4. Nf3 Nc6 5. g3 Nge7 6. Bg2 Ng6 7. Qa4 Bb4+ 8. Bd2
Bxd2+ 9. Nbxd2 O-O 10. Nb3 Ngxe5 11. O-O Be6 12. Rac1 Rb8 13. Nxe5 Nxe5 14. Rfd1
Nxc4 15. Qxa7 Nxb2 16. Rxd4 Qg5 17. f4 Qb5 18. Qc5 c6 19. Qxb5 cxb5 20. Rb4 Ra8
21. Nd4 Rxa2 22. Nxe6 fxe6 23. Rxb5 Na4 24. Rxb7 Rxe2 25. Rcc7 Rd8 26. Bf1 Ra2
27. Rxg7+ Kf8 28. Rxh7 Kg8 29. Rbg7+ Kf8 30. f5 exf5 31. Ra7 1-0

[Event "Tseshkovsky Mem 2014"]
[Site "Sochi RUS"]
[Date "2014.09.20"]
[Round "4.27"]
[White "Zakharov, Alexander"]
[Black "Kiriushin, Vladimir"]
[Result "1-0"]
[WhiteTitle "IM"]
[WhiteElo "2352"]
[BlackElo "2080"]
[WhiteFideId "4103564"]
[BlackFideId "4150848"]
[EventDate "2014.09.17"]

1. e4 c6 2. d4 d5 3. e5 c5 4. dxc5 Nc6 5. Bb5 Qa5+ 6. Nc3 e6 7. Be3 Ne7 8. Nf3
a6 9. Bd3 Ng6 10. Bxg6 hxg6 11. Qd2 Bxc5 12. Bxc5 Qxc5 13. O-O-O b5 14. Rhe1 Ra7
15. h3 Rc7 16. Kb1 Qb6 17. Qe3 Qxe3 18. Rxe3 Rh5 19. Ne2 Bb7 20. a3 Rc8 21. b3
Ke7 22. Kb2 Rhh8 23. Ned4 Nxd4 24. Rxd4 Bc6 25. Rg4 Rh5 26. Rc3 Bd7 27. Rxc8
Bxc8 28. Kc3 Bd7 29. Kd4 Rh8 30. Rh4 Rc8 31. c3 a5 32. Rh7 Rb8 33. Rxg7 Rh8 34.
Ng5 Be8 35. Rh7 Rf8 36. Rh4 Bd7 37. Rf4 a4 38. b4 Be8 39. h4 Rh8 40. g3 Rh5 41.
Kc5 Rh8 42. Kb6 Rh5 43. Nf3 Bd7 44. Kc7 Be8 45. Ng5 Rh8 46. Rf3 Rh5 47. Re3 Rh8
48. f4 Bd7 49. Kb6 Rc8 50. g4 Rh8 51. Rh3 f6 52. exf6+ Kxf6 53. Nf3 Be8 54. Nd4
e5 55. g5+ Ke7 56. fxe5 Bd7 57. e6 1-0

[Event "Tseshkovsky Mem 2014"]
[Site "Sochi RUS"]
[Date "2014.09.20"]
[Round "4.28"]
[White "Kirillov, Nikolay"]
[Black "Nechaev, Oleg"]
[Result "0-1"]
[WhiteElo "2087"]
[BlackElo "2329"]
[WhiteFideId "24133850"]
[BlackFideId "24113409"]
[EventDate "2014.09.17"]

1. d4 Nf6 2. c4 c5 3. d5 b5 4. b3 g6 5. Bb2 Bg7 6. Nd2 bxc4 7. bxc4 d6 8. Qc2
O-O 9. e4 Nbd7 10. Ngf3 Rb8 11. Bc3 Nb6 12. Be2 Bd7 13. a4 e5 14. dxe6 Bxe6 15.
O-O Re8 16. Rab1 Qd7 17. a5 Na8 18. Rxb8 Rxb8 19. Rb1 Qc8 20. Rb3 Nc7 21. Qb2
Rxb3 22. Qxb3 Nd7 23. Bxg7 Kxg7 24. Ng5 Qb8 25. Qd3 Ne8 26. Qc3+ Kg8 27. Nxe6
fxe6 28. f4 Qb4 29. Qxb4 cxb4 30. Kf2 Nc5 31. Ke3 e5 32. g3 Kf7 33. Bd1 Nc7 34.
Bc2 Kf6 35. Nf3 N7e6 36. f5 Nd8 37. g4 g5 38. h4 h6 39. hxg5+ hxg5 40. Ne1 Nc6
41. Nd3 Nxd3 42. Kxd3 Nxa5 43. Ba4 Nb7 44. Bc6 Nc5+ 45. Kc2 a5 46. Kb1 Nd3 0-1

[Event "Tseshkovsky Mem 2014"]
[Site "Sochi RUS"]
[Date "2014.09.20"]
[Round "4.29"]
[White "Mishuchkov, Nikolai M."]
[Black "Bykov, Egor"]
[Result "1/2-1/2"]
[WhiteTitle "IM"]
[WhiteElo "2311"]
[BlackElo "2050"]
[WhiteFideId "4102401"]
[BlackFideId "34115290"]
[EventDate "2014.09.17"]

1. Nf3 d5 2. d4 Nf6 3. c4 c6 4. Nbd2 Bf5 5. Nh4 Be4 6. Qb3 Qb6 7. f3 Bg6 8. cxd5
cxd5 9. Nxg6 hxg6 10. Qxb6 axb6 11. Nb3 Nc6 12. a3 e6 13. Kf2 Bd6 14. g3 O-O 15.
Bg2 Na5 16. Nxa5 bxa5 17. Bd2 a4 18. Rhc1 Nd7 19. e4 Nb6 20. Bf1 Rfc8 21. Bb5
Nc4 22. Rc2 Nxd2 23. Rxd2 Ra5 24. Bd3 b5 25. Rc2 Rxc2+ 26. Bxc2 Ra8 27. Ke2 Kf8
28. Kd1 1/2-1/2

[Event "Tseshkovsky Mem 2014"]
[Site "Sochi RUS"]
[Date "2014.09.20"]
[Round "4.30"]
[White "Rjabzev, Konstantin"]
[Black "Alchakov, Ratmir"]
[Result "1-0"]
[WhiteTitle "IM"]
[WhiteElo "2306"]
[BlackElo "1938"]
[WhiteFideId "4150015"]
[BlackFideId "24199699"]
[EventDate "2014.09.17"]

1. e4 c6 2. d4 d5 3. e5 Bf5 4. h4 Qd7 5. Be2 h6 6. g4 Bh7 7. h5 e6 8. Bd3 Bxd3
9. Qxd3 c5 10. c3 Nc6 11. a3 Na5 12. Nd2 c4 13. Qh3 Ne7 14. f4 O-O-O 15. Ne2 g6
16. Ng3 Bg7 17. Rb1 Rdf8 18. Nf3 Nb3 19. Be3 Kc7 20. O-O Rfg8 21. Kh2 Bf8 22.
Rf2 Nc6 23. Rbf1 Be7 24. Rg2 a5 25. Kg1 b5 26. hxg6 fxg6 27. f5 Bg5 28. Bf2 Rf8
29. fxe6 Qxe6 30. Ne2 Rxf3 31. Qxf3 Nd2 32. Qg3 Nxf1 33. Kxf1 b4 34. axb4 axb4
35. cxb4 Ra8 36. Kg1 Nxb4 37. Nf4 Bxf4 38. Qxf4 Nd3 39. Qxh6 Nxb2 40. Bh4 Nd3
41. Qg7+ Kc6 42. Kh2 Nf4 43. Rb2 Qc8 44. Qe7 Qc7 45. Qf6+ Kd7 46. Qxf4 1-0

[Event "Tseshkovsky Mem 2014"]
[Site "Sochi RUS"]
[Date "2014.09.20"]
[Round "4.31"]
[White "Tekeyev, Zaur"]
[Black "Gasparyan, Daniel"]
[Result "1-0"]
[WhiteTitle "FM"]
[WhiteElo "2300"]
[BlackElo "1820"]
[WhiteFideId "4199731"]
[BlackFideId "34197874"]
[EventDate "2014.09.17"]

1. e4 c5 2. Nf3 Nc6 3. Nc3 d6 4. d4 cxd4 5. Nxd4 Nf6 6. Bg5 e5 7. Nf5 Bxf5 8.
exf5 Be7 9. g4 h6 10. Bxf6 Bxf6 11. Bg2 O-O 12. Nd5 Bg5 13. c3 Re8 14. Be4 Ne7
15. Qb3 Nxd5 16. Bxd5 Qe7 17. Kf1 Rab8 18. Re1 Rf8 19. a4 Bh4 20. Re4 Qg5 21.
Kg2 b6 22. Rd1 Qf6 23. Rd3 Bg5 24. Qd1 Rfd8 25. Qf3 a5 26. Re1 b5 27. axb5 Rxb5
28. b3 Rc8 29. Red1 Rb6 30. Ra1 Rb5 31. Bc4 Rbc5 32. Rd5 Qe7 33. Rxc5 Rxc5 34.
Qa8+ Qd8 35. Qa7 Be7 36. Rd1 Qc7 37. Qa8+ Qc8 38. Qe4 a4 39. Ra1 Qd8 40. Bd5
axb3 41. Ra8 Rc8 42. Rxc8 Qxc8 43. Bxb3 Qb8 44. Qd5 Qf8 45. Kg3 Bf6 46. Kf3 Qe7
47. Qa8+ Qd8 48. Qc6 Qe7 49. Bd5 Qd8 50. Ke4 Qe7 51. h3 Qd8 52. Bc4 Qe7 53. Bb5
Kf8 54. Kd5 e4 55. Qc8+ Qd8 56. Qxd8+ Bxd8 57. Kxd6 Bb6 58. Bc6 Bxf2 59. Bxe4 g6
60. fxg6 fxg6 61. Bxg6 Kg7 62. Bh5 Kf6 63. c4 Be1 64. c5 Bb4 65. Kc6 Ke7 66. Kb6
Kd8 67. Bg6 Kc8 68. Bf5+ Kb8 69. Kc6 Ba3 70. h4 Bc1 71. Kd7 Be3 72. c6 Bf4 73.
g5 1-0

[Event "Tseshkovsky Mem 2014"]
[Site "Sochi RUS"]
[Date "2014.09.20"]
[Round "4.32"]
[White "Airapetian, Eduard"]
[Black "Gubernatorov, Sergey"]
[Result "0-1"]
[BlackTitle "FM"]
[WhiteElo "2041"]
[BlackElo "2283"]
[WhiteFideId "24171786"]
[BlackFideId "4148215"]
[EventDate "2014.09.17"]

1. c4 Nf6 2. Nc3 d5 3. cxd5 Nxd5 4. Nf3 c5 5. g3 Nc6 6. Bg2 Nc7 7. O-O e5 8. d3
Be7 9. b3 O-O 10. Bb2 f6 11. Rc1 b6 12. Ne1 Bb7 13. Nc2 Qd7 14. Ne3 Nd8 15. Qc2
Bxg2 16. Nxg2 Nc6 17. a3 Nd4 18. Qd1 Qe6 19. b4 cxb4 20. axb4 Bxb4 21. e3 Nb3
22. Rb1 Be7 23. Ne2 Na5 24. d4 Rfd8 25. Qc2 Rac8 26. dxe5 fxe5 27. Qe4 Nc4 28.
Bc3 Nd5 29. Be1 Nf6 30. Qb7 Qd7 31. Qxd7 Rxd7 32. Rc1 b5 33. Bc3 Rcd8 34. Rb1 a6
35. h3 Ne4 36. Rbc1 Ned2 37. Bxd2 Nxd2 38. Rfe1 Nf3+ 39. Kf1 Nxe1 0-1

[Event "Tseshkovsky Mem 2014"]
[Site "Sochi RUS"]
[Date "2014.09.20"]
[Round "4.33"]
[White "Kudrin, Oleg"]
[Black "Dimitrijevic, Aleksandra"]
[Result "0-1"]
[BlackTitle "WGM"]
[WhiteElo "2022"]
[BlackElo "2281"]
[WhiteFideId "24132900"]
[BlackFideId "929239"]
[EventDate "2014.09.17"]

1. e4 c5 2. Nf3 d6 3. d4 cxd4 4. Nxd4 Nf6 5. Nc3 Nc6 6. Bg5 Bd7 7. Qd2 Rc8 8.
O-O-O h6 9. Bxf6 gxf6 10. Bb5 h5 11. f4 h4 12. g3 Rh5 13. Be2 Rc5 14. Nb3 Rxc3
15. Qxc3 Qb6 16. a3 Na5 17. Qxa5 Qxb3 18. Bd3 Qa2 19. Qb4 b6 20. Rhe1 Rc5 21. c3
e5 22. Bc2 Rb5 23. Bb3 Qxb3 24. Qxb3 Rxb3 25. f5 hxg3 26. hxg3 Bc6 27. Kc2 Ba4
28. Kb1 Rb5 29. b4 d5 30. Kb2 a5 31. Rd3 d4 32. c4 Bxb4 33. axb4 Rxb4+ 34. Ka3
Rxc4 35. g4 b5 36. Rh1 Bc2 37. Rh8+ Kd7 38. Rdh3 b4+ 39. Kb2 Bxe4 40. Rf8 Bd5
41. Rhh8 e4 42. Rb8 d3 43. Rhd8+ Kc6 44. Rbc8+ Kb6 45. Rb8+ Bb7 46. Rd7 Rc7 47.
Rd6+ Kc5 48. Rbd8 a4 49. Rd4 Kb5 50. Kb1 a3 51. R8d6 Rc4 0-1

[Event "Tseshkovsky Mem 2014"]
[Site "Sochi RUS"]
[Date "2014.09.20"]
[Round "4.35"]
[White "Karapetian, Albert"]
[Black "Kondenko, Alexey"]
[Result "0-1"]
[WhiteElo "1967"]
[BlackElo "2218"]
[WhiteFideId "24156698"]
[BlackFideId "4117255"]
[EventDate "2014.09.17"]

1. d4 Nf6 2. Nf3 d6 3. g3 g6 4. Bg2 Bg7 5. O-O O-O 6. Nbd2 Nc6 7. c3 a5 8. Qc2
a4 9. e4 Bd7 10. Rd1 Qc8 11. Nc4 Bh3 12. d5 Bxg2 13. Kxg2 Nb8 14. e5 dxe5 15.
Ncxe5 c6 16. d6 exd6 17. Nc4 Nbd7 18. Nxd6 Qc7 19. c4 Nc5 20. Bf4 Nh5 21. Be3
Ne6 22. Rd2 a3 23. Rb1 axb2 24. Rxb2 Bxb2 25. Qxb2 f5 0-1

[Event "Tseshkovsky Mem 2014"]
[Site "Sochi RUS"]
[Date "2014.09.20"]
[Round "4.37"]
[White "Salamov, Khetag"]
[Black "Shandrygin, Nikita"]
[Result "0-1"]
[WhiteElo "1947"]
[BlackElo "2124"]
[WhiteFideId "24178462"]
[BlackFideId "24198668"]
[EventDate "2014.09.17"]

1. e4 c5 2. Nf3 Nc6 3. d4 cxd4 4. Nxd4 Qc7 5. Nc3 e6 6. Ndb5 Qb8 7. Be3 a6 8.
Nd4 Qc7 9. Be2 Nf6 10. O-O d6 11. Nb3 b5 12. f3 Bb7 13. a3 Ne5 14. Rc1 Be7 15.
Nd2 O-O 16. a4 b4 17. Na2 d5 18. Bd3 dxe4 19. Bxe4 Bxe4 20. Nxe4 Nxe4 21. fxe4
Nc4 22. Bf2 Nxb2 23. Qd4 Nc4 24. Bg3 Qc6 25. Qd3 Rfd8 26. Qb3 Nd2 27. Qb2 Nxf1
28. Rxf1 Qxe4 0-1

[Event "Tseshkovsky Mem 2014"]
[Site "Sochi RUS"]
[Date "2014.09.20"]
[Round "4.38"]
[White "Zlydneva, Daria"]
[Black "Strutinskaia, Galina"]
[Result "0-1"]
[BlackTitle "WGM"]
[WhiteElo "1799"]
[BlackElo "2317"]
[WhiteFideId "24102709"]
[BlackFideId "4108558"]
[EventDate "2014.09.17"]

1. d4 Nf6 2. Nf3 e6 3. Bf4 Nh5 4. e3 Nxf4 5. exf4 c5 6. c3 cxd4 7. Nxd4 Nc6 8.
Nb3 Qc7 9. g3 b6 10. Bg2 Ba6 11. N1d2 Rc8 12. Nf3 Be7 13. Nbd4 O-O 14. Qa4 Bb7
15. O-O a6 16. Nxc6 Qxc6 17. Qxc6 Bxc6 18. Ne5 Bxg2 19. Kxg2 Rc7 20. Rad1 Rd8
21. Rd2 b5 22. Rfd1 d5 23. f5 a5 24. fxe6 fxe6 25. f4 g6 26. Re2 b4 27. cxb4
axb4 28. Nf3 Bf6 29. Nd4 Bxd4 30. Rxd4 Rc4 31. Rdd2 Kf7 32. b3 Rc3 33. Rd4 Rb8
34. Kf2 h5 35. Kf1 Kf6 36. Kf2 Rb6 37. Kf1 Kf5 38. Re5+ Kf6 39. Re2 Rb5 40. Kf2
Rc1 0-1

[Event "Tseshkovsky Mem 2014"]
[Site "Sochi RUS"]
[Date "2014.09.20"]
[Round "4.39"]
[White "Markosian, Sergey"]
[Black "Abrekov, Mussa"]
[Result "0-1"]
[WhiteElo "1877"]
[BlackElo "2237"]
[WhiteFideId "24100790"]
[BlackFideId "34134740"]
[EventDate "2014.09.17"]

1. e4 c5 2. f4 e6 3. Nf3 d5 4. Bb5+ Nc6 5. exd5 exd5 6. O-O Bd6 7. Ne5 Ne7 8. c4
Bxe5 9. fxe5 O-O 10. Re1 dxc4 11. Kh1 Qd4 12. Nc3 Bg4 13. Qa4 Nxe5 14. Re4 Qf2
15. Bxc4 Bf3 0-1

[Event "Tseshkovsky Mem 2014"]
[Site "Sochi RUS"]
[Date "2014.09.20"]
[Round "4.40"]
[White "Gutkis, Vladimir"]
[Black "Tsvetkov, Vladimir"]
[Result "1-0"]
[WhiteTitle "FM"]
[WhiteElo "2224"]
[BlackElo "1862"]
[WhiteFideId "4173325"]
[BlackFideId "34149624"]
[EventDate "2014.09.17"]

1. d4 Nf6 2. Nf3 e6 3. Nbd2 d5 4. e3 c5 5. Ne5 a6 6. c3 Bd6 7. Bd3 c4 8. Bb1
Bxe5 9. dxe5 Nfd7 10. Qg4 g6 11. f4 b5 12. O-O h5 13. Qg3 Nf8 14. e4 d4 15. cxd4
Qxd4+ 16. Kh1 h4 17. Qh3 Nc6 18. Nf3 Qd8 19. Be3 Qe7 20. a3 Bb7 21. Bf2 g5 22.
Nxg5 Nxe5 23. Bd4 f6 24. Qc3 Ned7 25. h3 Rg8 26. Nf3 O-O-O 27. b3 Kb8 28. bxc4
Rc8 29. Bf2 Rxc4 30. Qe3 Qc5 31. Qxc5 Nxc5 32. Nd2 Nxe4 33. Nxc4 bxc4 34. Bxh4
Ng6 35. Bxe4 Bxe4 36. Bxf6 Nh4 37. Rf2 Nxg2 38. Kh2 Kb7 39. Rg1 Rg6 40. Bg5 c3
41. Rgxg2 Rg8 42. Rc2 e5 43. Rxc3 exf4 44. Rb2+ Ka8 45. Bxf4 1-0

[Event "Tseshkovsky Mem 2014"]
[Site "Sochi RUS"]
[Date "2014.09.20"]
[Round "4.41"]
[White "Kutovoi, Valery"]
[Black "Birjukov, Sergey"]
[Result "0-1"]
[BlackTitle "FM"]
[WhiteElo "1813"]
[BlackElo "2175"]
[WhiteFideId "34113131"]
[BlackFideId "4106555"]
[EventDate "2014.09.17"]

1. e4 e6 2. d4 d5 3. Nd2 Nf6 4. e5 Nfd7 5. Bd3 c5 6. c3 b6 7. Ngf3 Ba6 8. Bxa6
Nxa6 9. O-O Be7 10. Qa4 Nc7 11. dxc5 bxc5 12. Qg4 O-O 13. Nb3 f5 14. exf6 Rxf6
15. Bf4 Ne8 16. Rfe1 Rg6 17. Qh3 Qb6 18. Re2 Rc8 19. Rae1 Rc6 20. Nc1 Qa6 21. b3
Rb6 22. Nd3 Qxd3 23. Rxe6 Rbxe6 24. Rxe6 Rxe6 25. Qxe6+ Kf8 26. Bd2 Nef6 27. Ng5
Qb1+ 28. Be1 Qg6 29. h4 h6 30. Nf3 Qe4 31. Qc6 Ne5 32. Qa8+ Ne8 33. Bd2 Nxf3+
34. gxf3 Qxf3 35. Be3 Qg4+ 36. Kf1 d4 37. cxd4 cxd4 38. Bd2 Qd1+ 39. Be1 Bb4 40.
Qe4 Qxe1+ 0-1

[Event "Tseshkovsky Mem 2014"]
[Site "Sochi RUS"]
[Date "2014.09.20"]
[Round "4.42"]
[White "Vishnjakova, Svetlana"]
[Black "Tvelov, Boris"]
[Result "1-0"]
[WhiteTitle "WFM"]
[WhiteElo "2123"]
[BlackElo "1795"]
[WhiteFideId "4147219"]
[BlackFideId "24180920"]
[EventDate "2014.09.17"]

1. e4 e5 2. Nf3 Nc6 3. Bb5 f5 4. O-O Nf6 5. d3 Bc5 6. exf5 d6 7. Bxc6+ bxc6 8.
d4 exd4 9. Re1+ Kf8 10. Nxd4 Bxd4 11. Qxd4 Bxf5 12. Qc4 Qd7 13. Bg5 Re8 14. Nd2
Re6 15. Rxe6 Bxe6 16. Qf4 Qf7 17. Qa4 Qg6 18. Bxf6 Bd5 19. f3 gxf6 20. c4 Rg8
21. g3 Be6 22. Qxc6 Qd3 23. Qe4 Qxd2 24. Re1 Kg7 25. Qxe6 Qxb2 26. Re2 Qd4+ 27.
Kg2 Kh8 28. h4 Qxh4 29. Qxg8+ 1-0

[Event "Tseshkovsky Mem 2014"]
[Site "Sochi RUS"]
[Date "2014.09.20"]
[Round "4.43"]
[White "Saveleva, Anna"]
[Black "Sergeeva, Natalia"]
[Result "0-1"]
[WhiteElo "1787"]
[BlackElo "2088"]
[WhiteFideId "24196380"]
[BlackFideId "4117743"]
[EventDate "2014.09.17"]

1. d4 Nf6 2. c4 e6 3. Nf3 Bb4+ 4. Bd2 Be7 5. g3 d5 6. Qc2 O-O 7. Bg2 Nc6 8. O-O
Ne4 9. b3 Bf6 10. Bc3 Nxc3 11. Qxc3 dxc4 12. Qxc4 Nxd4 13. Nxd4 Qxd4 14. Na3
Qxc4 0-1

[Event "Tseshkovsky Mem 2014"]
[Site "Sochi RUS"]
[Date "2014.09.20"]
[Round "4.44"]
[White "Zhukov, Viktor I.1"]
[Black "Skripnikov, Velori"]
[Result "1/2-1/2"]
[WhiteElo "2084"]
[BlackElo "1799"]
[WhiteFideId "4136195"]
[BlackFideId "24153478"]
[EventDate "2014.09.17"]

1. e4 c6 2. d4 d5 3. e5 Bf5 4. Nc3 e6 5. g4 Bg6 6. Nge2 Nd7 7. h4 h6 8. Be3 Ne7
9. f4 h5 10. g5 Nf5 11. Bf2 a6 12. Bh3 Qa5 13. O-O Be7 14. a3 b5 15. Qd2 Qc7 16.
Bxf5 Bxf5 17. Ng3 Nf8 18. Nxf5 exf5 19. b4 g6 20. a4 Qb7 21. Ne2 Ne6 22. c3 Kd7
23. Ra2 Ra7 24. Rfa1 Rha8 25. Be3 Bd8 26. Nc1 Ke7 27. Nb3 Bb6 28. Qd3 Kf8 29.
Kf2 Ke8 30. Bd2 Kf8 31. Ke3 Ke8 32. Qb1 Kf8 33. Ra3 Ke8 34. Qa2 Kf8 1/2-1/2

[Event "Tseshkovsky Mem 2014"]
[Site "Sochi RUS"]
[Date "2014.09.20"]
[Round "4.45"]
[White "Martynyuk, Elizaveta"]
[Black "Khristenko, Elena"]
[Result "1-0"]
[WhiteElo "2083"]
[BlackElo "1781"]
[WhiteFideId "24128511"]
[BlackFideId "34143391"]
[EventDate "2014.09.17"]

1. e4 d5 2. exd5 Nf6 3. d4 Nxd5 4. c4 Nb6 5. Nf3 Bg4 6. Nc3 Nc6 7. Be3 e5 8. d5
Bxf3 9. Qxf3 Nd4 10. Qd1 Bc5 11. Bd3 f5 12. O-O O-O 13. Nb5 a6 14. Nxd4 exd4 15.
Bd2 Qh4 16. b4 Be7 17. Qf3 Qg4 18. Qxg4 fxg4 19. Rae1 Bf6 20. Bf4 Rf7 21. Bf5 g5
22. Bg3 Nxc4 23. Rc1 b5 24. Be6 d3 25. Bxc7 d2 26. Rb1 Nb2 27. d6 d1=Q 28. Rfxd1
Nxd1 29. Rxd1 Bd8 30. g3 Kf8 31. Bxf7 Kxf7 32. Rc1 h5 33. Kf1 h4 34. Ke2 Ke6 35.
Kd3 Bf6 36. Re1+ Kd7 37. Re4 hxg3 38. hxg3 Rg8 39. Rxg4 Be5 40. f4 Bf6 41. Ke4
Bc3 42. Rxg5 Rxg5 43. fxg5 Bxb4 44. g6 Bc3 45. Kd5 Bg7 46. Bb6 b4 47. Bd4 Bf8
48. g7 Bxg7 49. Bxg7 a5 50. g4 a4 51. g5 1-0

[Event "Tseshkovsky Mem 2014"]
[Site "Sochi RUS"]
[Date "2014.09.20"]
[Round "4.46"]
[White "Danielyan, Levon"]
[Black "Mavlyaveev, Vladimir"]
[Result "1-0"]
[WhiteElo "2082"]
[BlackElo "1714"]
[WhiteFideId "24161497"]
[BlackFideId "24161500"]
[EventDate "2014.09.17"]

1. e4 e5 2. Nf3 Nc6 3. Bb5 a6 4. Ba4 Nf6 5. O-O Be7 6. Re1 b5 7. Bb3 d6 8. h3
O-O 9. c3 Na5 10. Bc2 c5 11. d4 Qc7 12. Nbd2 Rd8 13. Nf1 d5 14. exd5 exd4 15.
cxd4 cxd4 16. Bg5 Nxd5 17. Qxd4 Be6 18. Rac1 Qd6 19. Qe4 g6 20. Qh4 f6 21. Bh6
Nc4 22. Ng3 Bf8 23. Ne4 Qe7 24. Bxf8 Rxf8 25. Bb3 Qc7 26. Ned2 Nf4 27. Rxe6 Nxe6
28. Rxc4 bxc4 29. Bxc4 Rae8 30. Nd4 Kg7 31. Nxe6+ Rxe6 32. Bxe6 Qc1+ 33. Nf1
Qxb2 34. Ne3 Qa1+ 35. Nf1 Qe5 36. Bb3 Rb8 37. Qc4 a5 38. Ne3 Qa1+ 39. Kh2 Qe5+
40. g3 h5 41. Qf7+ Kh6 42. Bc2 Qe8 43. Qxf6 Kh7 44. Qg5 Rb5 45. Bxg6+ Qxg6 46.
Qxb5 1-0

[Event "Tseshkovsky Mem 2014"]
[Site "Sochi RUS"]
[Date "2014.09.20"]
[Round "4.49"]
[White "Pozdniakov, Maksim"]
[Black "Borisov, Sergey"]
[Result "0-1"]
[WhiteElo "1610"]
[BlackElo "2014"]
[WhiteFideId "24196371"]
[BlackFideId "4169301"]
[EventDate "2014.09.17"]

1. Nf3 d5 2. g3 c6 3. Bg2 Bg4 4. d3 Nd7 5. O-O e5 6. h3 Bxf3 7. Bxf3 Bc5 8. c4
dxc4 9. dxc4 Ngf6 10. Nc3 h6 11. Qc2 O-O 12. b3 Qe7 13. Bb2 Rfe8 14. e4 Rad8 15.
Rad1 Nf8 16. Bg2 Ne6 17. Ne2 Nd4 18. Bxd4 exd4 19. Nc1 Nxe4 20. Rfe1 f5 21. f3 0-1

[Event "Tseshkovsky Mem 2014"]
[Site "Sochi RUS"]
[Date "2014.09.21"]
[Round "5.1"]
[White "Burmakin, Vladimir"]
[Black "Jobava, Baadur"]
[Result "1/2-1/2"]
[WhiteTitle "GM"]
[BlackTitle "GM"]
[WhiteElo "2584"]
[BlackElo "2708"]
[WhiteFideId "4105109"]
[BlackFideId "13601520"]
[EventDate "2014.09.17"]

1. d4 Nf6 2. Nf3 e6 3. g3 b5 4. Bg2 Bb7 5. O-O c5 6. Na3 Qb6 7. c4 b4 8. Nc2 Na6
9. b3 Be7 10. Bb2 O-O 11. Ne3 cxd4 12. Bxd4 Nc5 13. Ne5 Bxg2 14. Nxg2 Qc7 15.
Nd3 a5 16. Nxc5 Bxc5 17. Bxf6 gxf6 18. e4 Qe5 19. Qf3 a4 20. Rad1 axb3 21. axb3
d6 22. Nf4 f5 23. Nh5 Ra2 1/2-1/2

[Event "Tseshkovsky Mem 2014"]
[Site "Sochi RUS"]
[Date "2014.09.21"]
[Round "5.2"]
[White "Landa, Konstantin"]
[Black "Demidov, Mikhail"]
[Result "1/2-1/2"]
[WhiteTitle "GM"]
[BlackTitle "IM"]
[WhiteElo "2670"]
[BlackElo "2499"]
[WhiteFideId "4101685"]
[BlackFideId "4197143"]
[EventDate "2014.09.17"]

1. e4 e6 2. d4 d5 3. Nc3 Be7 4. Bd3 Nc6 5. Nf3 Nb4 6. Bb5+ c6 7. Be2 Nf6 8. e5
Nd7 9. a3 Na6 10. O-O b6 11. Re1 Nc7 12. Qd2 h6 13. Bd1 Ba6 14. Ne2 Bxe2 15.
Qxe2 c5 16. c4 dxc4 17. Qxc4 b5 18. Qc2 c4 19. b3 Nb6 20. bxc4 Nxc4 21. a4 a6
22. Be2 Nd5 23. axb5 axb5 24. Rxa8 Qxa8 25. Bxc4 bxc4 26. Qxc4 O-O 27. Bd2 Rc8
28. Qd3 Bb4 29. h4 Qa2 30. Bxb4 Nxb4 31. Qb5 Nd5 32. Qb7 Qc2 33. Qb1 Qc3 34. Qa1
Qc2 35. Qd1 Qc3 36. Qd2 Qb3 37. Rc1 Rxc1+ 38. Qxc1 Qd3 39. Qc8+ Kh7 40. Qb7 Kg8
41. Qa8+ Kh7 42. Qa1 Kg8 43. Qf1 Qe4 44. Qe1 Qg4 45. Qd1 Qe4 46. Kf1 Nc3 47. Qd2
Qb1+ 48. Ne1 Qa1 49. Qd3 Nd5 50. g3 Qc1 51. Qc2 Qa1 52. Qc8+ Kh7 53. Qc2+ Kg8
54. Qd2 Ne7 55. Kg2 Qa8+ 56. Nf3 Qe4 57. Qe3 Qg4 58. Nh2 Qd1 59. Qe4 Nd5 60. Nf3
Qc1 61. h5 Qb2 62. g4 Qc1 63. Kg3 Kf8 64. Nh4 Qa3+ 65. Kg2 Qc1 66. Nf3 Kg8 67.
Kg3 Kf8 68. Ne1 Qa3+ 69. Qd3 Qc1 70. Ng2 Kg8 71. f4 Qg1 72. Qe4 Qa1 73. f5 Qc3+
74. Kh2 Qd2 75. fxe6 fxe6 76. Kg3 Nc3 77. Qe3 1/2-1/2

[Event "Tseshkovsky Mem 2014"]
[Site "Sochi RUS"]
[Date "2014.09.21"]
[Round "5.3"]
[White "Yakovich, Yuri"]
[Black "Rakhmanov, Aleksandr"]
[Result "1/2-1/2"]
[WhiteTitle "GM"]
[BlackTitle "GM"]
[WhiteElo "2524"]
[BlackElo "2626"]
[WhiteFideId "4100654"]
[BlackFideId "4173708"]
[EventDate "2014.09.17"]

1. d4 d5 2. c4 e6 3. Nc3 Bb4 4. Nf3 Ne7 5. e3 c5 6. cxd5 exd5 7. dxc5 Nbc6 8.
Bd3 Bg4 9. O-O Bxc5 10. b3 a6 11. Bb2 Qd6 12. h3 Bh5 13. Be2 O-O 14. Nd4 Bxd4
15. Bxh5 Ba7 16. Bf3 Rad8 17. Rc1 Rfe8 18. Rc2 d4 19. exd4 Nxd4 20. Ne4 Qg6 21.
Bxd4 Bxd4 22. Rd2 Nf5 23. Kh1 Bb6 24. Nc3 Bc7 25. Rxd8 Rxd8 26. Nd5 h5 27. Qc1 1/2-1/2

[Event "Tseshkovsky Mem 2014"]
[Site "Sochi RUS"]
[Date "2014.09.21"]
[Round "5.4"]
[White "Khalifman, Alexander"]
[Black "Andreev, Eduard UKR"]
[Result "1/2-1/2"]
[WhiteTitle "GM"]
[BlackTitle "GM"]
[WhiteElo "2621"]
[BlackElo "2473"]
[WhiteFideId "4100115"]
[BlackFideId "14103400"]
[EventDate "2014.09.17"]

1. d4 Nf6 2. c4 e6 3. Nf3 Bb4+ 4. Nbd2 O-O 5. a3 Be7 6. e4 d6 7. Be2 Nbd7 8. Qc2
c5 9. d5 Ng4 10. O-O Bf6 11. Ne1 Nge5 12. f4 Ng6 13. Ndf3 exd5 14. cxd5 1/2-1/2